Statistics for Countries Bordering Uganda

Click here to take the quiz!

General Stats

  • This quiz has been taken 161 times
  • The average score is 5 of 5

Answer Stats

Country % Correct
Kenya
97%
Rwanda
96%
Tanzania
96%
Democratic Republic of the Congo
90%
South Sudan
84%

Score Distribution

Percentile by Number Answered

Percent of People with Each Score

Your Score History

You have not taken this quiz